000 00932nam a2200289 i 4500
003 EG-ScBUE
005 20260302101426.0
008 150827s1990 maua f 001 0 eng d
020 _a9780201557015
020 _a0201557010
040 _aEG-ScBUE
_beng
_erda
_cEG-ScBUE
_dEG-ScBUE
082 0 4 _a515
_bFIN
_222
100 1 _aFinney, Ross L.,
_eauthor.
245 1 0 _aCalculus /
_cRoss L. Finney, George B. Thomas Jr.
264 1 _aReading, Massachusetts :
_bAddison Wesley Publishing Company,
_c1990.
300 _a1 volume (various pagings) :
_billustrations (some color) ;
_c25 cm
336 _2rdacontent
_atext
_btxt
337 _aunmediated
_2rdamedia
_bn
338 _avolume
_bnc
_2rdacarrier
500 _aIncludes index.
650 7 _aCalculus.
_2BUEsh
651 _2BUEsh
653 _bENGGEN
_cAugust2015
655 _vReading book
700 1 _aThomas, George Brinton,
_d1914-
_eauthor.
942 _cBB
_2ddc
999 _c4410
_d4410